000 00405nam a22001577a 4500
020 _a0-439-94395-7
082 _a823
_bBRO/C
100 _aBROOKE, LAUREN
245 _aCHESTNUT HILL
_bTHE NEW CLASS- SHORT STORY
246 _aCHESTNUT HILL
_bTHE NEW CLASS- SHORT STORY
260 _aUK
_bSCHOLASTIC CHILDRENS BOOKS
_c2005
300 _a208
520 _aSHORT STORY
650 _aSHORT STORY
942 _cBK
999 _c1888
_d1888